| 000 | 00862cam a2200277 i 4500 | ||
|---|---|---|---|
| 001 | bg | ||
| 003 | KOSZ 005 | ||
| 005 | 20200609132345.0 | ||
| 008 | 991116s1982 pl a f |000 0 pol | ||
| 015 | _aPB 1982/7964 | ||
| 020 | _a8321330886 | ||
| 040 |
_aWA N _cKOSZ 005/HR _dKOSZ 005/HR |
||
| 080 | _a691 | ||
| 080 | _a666.9 | ||
| 080 | _a678.6 | ||
| 100 | 1 |
_aCzarnecki, Lech _eAutor |
|
| 245 | 1 | 0 |
_aBetony żywiczne / _cLech Czarnecki. |
| 260 |
_aWarszawa : _b"Arkady", _c1982. |
||
| 300 |
_a192 s. : _bil. tab. wykr. ; _c24 cm. |
||
| 504 | _aBibliogr. s. 183-192. | ||
| 650 | 4 |
_aŻywice syntetyczne _xstosowanie _xbudownictwo. |
|
| 650 | 4 | _aBeton żywiczny | |
| 710 | 2 |
_aWydawnictwo "Arkady". _4pbl. |
|
| 856 |
_uhttp://koha.tu.koszalin.pl/cgi-bin/koha/opac-detail.pl?biblionumber=21113 _yKatalog online BPK |
||
| 942 |
_2UKD _cKS |
||
| 999 |
_c21113 _d21113 |
||